000 00458nam a22001697a 4500
003 DO-SdBNP
005 20180215130335.0
008 180215b xxu||||| |||| 00| 0 spa d
040 _aBPMSU
_beng
_cBPMSU
100 _aRyan, Monique
245 _aSports nutrition for endurance athletes
_cMonique Ryan
260 _aColorado
_bVelo Press
_c2007
300 _a357 p.
_c24 cm
942 _2ddc
_cBK
945 _ainventariado, 2018 / dg
956 _adgarcia
_b10
999 _c13299
_d13299